MULIERES : (Record no. 179328)
[ view plain ]
| 000 -LEADER | |
|---|---|
| fixed length control field | 01033aam a2200361 i 4500 |
| 001 - CONTROL NUMBER | |
| control field | vtls000899604 |
| 003 - CONTROL NUMBER IDENTIFIER | |
| control field | PNM |
| 005 - DATE AND TIME OF LATEST TRANSACTION | |
| control field | 20201006113228.0 |
| 008 - FIXED-LENGTH DATA ELEMENTS--GENERAL INFORMATION | |
| fixed length control field | 200310s2020 my e 000 j may |
| 015 ## - NATIONAL BIBLIOGRAPHY NUMBER | |
| National bibliography number | M20-02987 |
| 020 ## - INTERNATIONAL STANDARD BOOK NUMBER | |
| International Standard Book Number | 9789671699386 |
| Qualifying information | paperback |
| Terms of availability | RM35.00 |
| 039 #9 - LEVEL OF BIBLIOGRAPHIC CONTROL AND CODING DETAIL [OBSOLETE] | |
| Level of rules in bibliographic description | 202006041027 |
| Level of effort used to assign nonsubject heading access points | siti |
| Level of effort used to assign subject headings | 202003101051 |
| Level of effort used to assign classification | ety |
| Level of effort used to assign subject headings | 202003101051 |
| Level of effort used to assign classification | ety |
| 040 ## - CATALOGING SOURCE | |
| Original cataloging agency | BNM |
| Language of cataloging | eng |
| Transcribing agency | BNM |
| Description conventions | rda |
| Modifying agency | PPAK |
| 049 ## - LOCAL HOLDINGS (OCLC) | |
| Holding library | mal |
| 082 04 - DEWEY DECIMAL CLASSIFICATION NUMBER | |
| Classification number | 899.2333 |
| Edition number | 23 |
| Classification number | 899.23301 |
| Edition number | 23 |
| 090 00 - LOCALLY ASSIGNED LC-TYPE CALL NUMBER (OCLC); LOCAL CALL NUMBER (RLIN) | |
| Classification number (OCLC) (R) ; Classification number, CALL (RLIN) (NR) | 899.2333 |
| Feature heading | HAF |
| Feature heading | G |
| Classification number (OCLC) (R) ; Classification number, CALL (RLIN) (NR) | 899.23301 |
| Feature heading | HAF |
| Feature heading | G |
| 100 0# - MAIN ENTRY--PERSONAL NAME | |
| Personal name | Hafizah Iszahanid, |
| Relator term | author. |
| 245 10 - TITLE STATEMENT | |
| Title | MULIERES : |
| Remainder of title | kumpulan cerpen / |
| Statement of responsibility, etc. | Hafizah Iszahanid |
| 264 #1 - PRODUCTION, PUBLICATION, DISTRIBUTION, MANUFACTURE, AND COPYRIGHT NOTICE | |
| Place of production, publication, distribution, manufacture | Kuala Lumpur : |
| Name of producer, publisher, distributor, manufacturer | Nusa Centre, |
| Date of production, publication, distribution, manufacture, or copyright notice | [2020?] |
| 300 ## - PHYSICAL DESCRIPTION | |
| Extent | 148 pages ; |
| Dimensions | 19 cm |
| 336 ## - CONTENT TYPE | |
| Content type term | text |
| Source | rdacontent |
| 337 ## - MEDIA TYPE | |
| Media type term | unmediated |
| Source | rdamedia |
| 338 ## - CARRIER TYPE | |
| Carrier type term | volume |
| Source | rdacarrier |
| 650 10 - SUBJECT ADDED ENTRY--TOPICAL TERM | |
| Topical term or geographic name entry element | Short stories, Malay |
| Topical term or geographic name entry element | Malaysian fiction (Malay) |
| Topical term or geographic name entry element | Malay fiction |
| 942 ## - ADDED ENTRY ELEMENTS (KOHA) | |
| Source of classification or shelving scheme | Dewey Decimal Classification |
| Koha item type | Book |
| 949 ## - LOCAL PROCESSING INFORMATION (OCLC) | |
| 6 | 2000646401 |
| 6 | 2000646399 |
| 6 | 2000646400 |
| Withdrawn | Not for loan | Current library | Shelving location | Date acquired | Total Checkouts | Full call number | Barcode | Date last seen | Date last checked out | Koha item type |
|---|---|---|---|---|---|---|---|---|---|---|
| Perpustakaan Alor Setar | Pinjaman Dewasa | 20/10/2020 | 1 | 899.2333 HAF | A01658206 | 22/11/2022 | 02/11/2022 | Book | ||
| Perpustakaan Awam Sungai Petani | Pinjaman Dewasa | 20/10/2020 | 1 | 899.2333 HAF | A01658207 | 22/08/2022 | 01/08/2022 | Book | ||
| Perpustakaan Baling | Pinjaman Dewasa | 20/10/2020 | 899.2333 HAF | A01658211 | 20/10/2020 | Book | ||||
| Perpustakaan Bandar Baharu | Pinjaman Dewasa | 20/10/2020 | 899.2333 HAF | A01658212 | 20/10/2020 | Book | ||||
| Perpustakaan Jitra | Pinjaman Dewasa | 20/10/2020 | 899.2333 HAF | A01658208 | 20/10/2020 | Book | ||||
| Perpustakaan Kulim | Pinjaman Dewasa | 20/10/2020 | 899.2333 HAF | A01658210 | 20/10/2020 | Book | ||||
| Perpustakaan Langkawi | Pinjaman Dewasa | 20/10/2020 | 899.2333 HAF | A01658209 | 20/10/2020 | Book | ||||
| Perpustakaan Merbok | Pinjaman Dewasa | 20/10/2020 | 899.2333 HAF | A01658213 | 20/10/2020 | Book | ||||
| Perpustakaan Yan | Pinjaman Dewasa | 20/10/2020 | 899.2333 HAF | A01658214 | 20/10/2020 | Book |